[Event "Tourn. n10247"]
[Site "www.echecsemail.com"]
[Date "2020.01.31"]
[Round "1"]
[White "Seger"]
[Black "Szustan"]
[WhiteElo "2830"]
[BlackElo "2610"]
[Result "1-0"]
[Round "1"]
1.e4 e5
2.Ng1f3 Nb8c6
3.Bf1b5 a6
4.Bb5a4 Ng8f6
5.O-O Nf6xe4
6.d4 b5
7.Ba4b3 d5
8.dxe5 Bc8e6
9.Nb1d2 Ne4c5
10.c3 Nc5xb3
11.Nd2xb3 Bf8e7
12.Nf3d4 Nc6xd4
13.cxd4 a5
14.Bc1e3 a4
15.Nb3c1 O-O
16.Nc1d3 Qd8d7
17.h3 b4
18.Ra1c1 Ra8b8
19.Qd1d2 b3
20.a3 Rb8b6
21.Rc1c3 Be6xh3
22.gxh3 Qd7xh3
23.Nd3f4 Rb6g6
24.Nf4xg6 Qh3g4
25.Kh2 Qg4h5
26.Kg3 Qh5xg6
27.Be3g5 Be7xg5
28.Qd2d3 Qg6h5
29.Kg2 f6
30.Qd3f5 fxe5
31.Qf5xe5 Qh5g6
32.Qe5xd5 Kh8
33.Rc3g3 h6
34.Rf1e1 Qg6c2
35.Rg3f3 Bg5f6
36.Qd5d7 Qc2g6
37.Rf3g3 Qg6c2
38.Re1e3 c6
39.Rg3g4 Rf8g8
40.d5 cxd5
41.Qd7xa4 Qc2xb2
42.Qa4xb3 Qb2xb3
43.Re3xb3 Rg8a8
44.a4 Kg8
45.Rb3a3 Bf6b2
46.Ra3a2 Bb2f6
47.Rg4g3 Bf6d8
48.Rg3b3 d4
49.Kf3 Kf7
50.Rb3b7 Kg6
51.Ke4 Bd8a5
52.f4 Kf6
53.Rb7b5 g5
54.Ra2h2 { resign }
1-0

[Event "Tourn. n10173"]
[Site "www.echecsemail.com"]
[Date "2020.01.31"]
[Round "1"]
[White "Jaroslavpech"]
[Black "Jerome"]
[WhiteElo "2680"]
[BlackElo "2420"]
[Result "1/2-1/2"]
[Round "1"]
1.d4 Ng8f6
2.c4 g6
3.Nb1c3 d5
4.cxd5 Nf6xd5
5.e4 Nd5xc3
6.bxc3 Bf8g7
7.Bf1c4 O-O
8.Ng1e2 c5
9.O-O Nb8c6
10.Bc1e3 Qd8c7
11.Ra1c1 Rf8d8
12.Be3f4 Qc7d7
13.d5 Nc6a5
14.Bc4d3 b5
15.Rc1b1 a6
16.Qd1c1 e6
17.Qc1a3 c4
18.Bd3c2 Na5b7
19.dxe6 Qd7xe6
20.Ne2d4 Qe6g4
21.Bf4c7 Rd8e8
22.Bc7g3 Bg7f8
23.Qa3c1 Nb7c5
24.f3 Qg4d7
25.Rf1d1 Qd7e7
26.Rb1a1 Bc8d7
27.Nd4e2 Bd7c6
28.Qc1e3 Ra8d8
29.Ne2d4 Qe7b7
30.Bg3f2 Qb7c8
31.Qe3g5 Rd8d7
32.Ra1b1 Nc5e6
33.Nd4xe6 Rd7xd1
34.Rb1xd1 h6
35.Qg5e3 Qc8xe6
36.Qe3b6 Re8c8
37.Bf2e3 h5
38.Rd1d8 Rc8xd8
39.Qb6xd8 Qe6d6
40.Qd8xd6 Bf8xd6
41.Be3d4 Bd6e7
42.Kf2 f6
43.Ke3 Kf7
44.g3 Be7a3
45.Bd4b6 g5
46.Kd4 Ke6
47.f4 Ba3d6
48.Ke3 h4
49.Bb6d4 gxf4
50.gxf4 Kf7
{ draw }
1/2-1/2

[Event "Tourn. n10272"]
[Site "www.echecsemail.com"]
[Date "2020.01.31"]
[Round "1"]
[White "Madz123456"]
[Black "Cal"]
[WhiteElo "1770"]
[BlackElo "1700"]
[Result "1-0"]
[Round "1"]
1.e4 e5
2.Ng1f3 d6
3.Bf1c4 h6
4.d4 exd4
5.O-O Nb8c6
6.Nf3xd4 Nc6e5
7.Bc4b3 Bc8g4
8.Qd1e1 c5
9.f4 Ne5g6
10.f5 Ng6e5
11.Bb3a4 Ne5d7
12.Nd4b3 Ng8f6
13.h3 Bg4h5
14.g4 Bh5xg4
15.hxg4 Bf8e7
16.Nb1c3 O-O
17.g5 hxg5
18.Bc1xg5 Nd7e5
19.Qe1h4 Ne5d7
20.Kg2 Nd7e5
21.Rf1h1 Nf6h5
22.Bg5xe7 Qd8b6
23.Qh4xh5 c4
24.Qh5h8 { resign }
1-0

[Event "Match"]
[Site "www.echecsemail.com"]
[Date "2020.01.31"]
[Round "1"]
[White "Luke1302"]
[Black "Karanas"]
[WhiteElo "1370"]
[BlackElo "1499"]
[Result "1-0"]
[Round "1"]
1.e4 d5
2.Qd1e2 dxe4
3.Qe2xe4 Ng8f6
4.Qe4e2 c5
5.b4 cxb4
6.Bc1b2 e6
7.Qe2b5 Nb8c6
8.Bb2xf6 Qd8xf6
9.c3 Bf8e7
10.Qb5a4 O-O
11.Bf1b5 Bc8d7
12.Bb5xc6 Bd7xc6
13.Qa4b3  { time }
1-0

[Event "Match"]
[Site "www.echecsemail.com"]
[Date "2020.01.31"]
[Round "1"]
[White "Apdash"]
[Black "Johndyson"]
[WhiteElo "2280"]
[BlackElo "2619"]
[Result "1-0"]
[Round "1"]
1.e4 c6
2.d4 d5
3.exd5 cxd5
4.Ng1f3 g6
5.Bf1e2 Bf8g7
6.O-O Nb8c6
7.Bc1e3 Ng8h6
8.c4 Nh6f5
9.cxd5 Nf5xe3
10.fxe3 Qd8xd5
11.Nb1c3 Qd5d8
12.Be2b5 Bc8d7
13.Nc3d5 O-O
14.Qd1e2 Ra8c8
15.Ra1c1 a6
16.Bb5a4 Nc6xd4
17.exd4 Rc8xc1
18.Rf1xc1 Bd7xa4
19.Nd5xe7 Kh8
20.Rc1c8 Qd8d6
21.Nf3g5 Bg7xd4
22.Kh1 Rf8xc8
23.Ne7xc8 Qd6c6
24.Ng5xf7 Kg7
25.Qe2d2 Qc6c1
26.Qd2xc1 { resign }
1-0

[Event "Tourn. n10266"]
[Site "www.echecsemail.com"]
[Date "2020.01.31"]
[Round "1"]
[White "Ff333"]
[Black "Apdash"]
[WhiteElo "2020"]
[BlackElo "2270"]
[Result "0-1"]
[Round "1"]
1.e4 c5
2.Ng1f3 Nb8c6
3.d4 cxd4
4.Nf3xd4 d6
5.Bf1b5 Bc8d7
6.Nd4xc6 bxc6
7.Bb5d3 Ng8f6
8.O-O e6
9.Rf1e1 Bf8e7
10.f4 O-O
11.Qd1f3 e5
12.f5 Qd8c7
13.Qf3g3 Kh8
14.Re1e3 Nf6h5
15.Qg3f3 g6
16.Bd3e2 d5
17.c4 Be7g5
18.Re3c3 dxe4
19.Qf3xe4 Bd7xf5
20.Qe4f3 Bg5xc1
21.Rc3xc1 Qc7b6
22.Kf1 Qb6xb2
23.Qf3c3 Qb2xc3
24.Nb1xc3 Nh5f4
25.Be2f3 Bf5d3
26.Kf2 Bd3xc4
27.Bf3xc6 Ra8c8
28.Bc6f3 Nf4d3
{ resign }
0-1

[Event "1/64 Finale"]
[Site "www.chess-mail.com"]
[Date "2020.01.31"]
[Round "1"]
[White "Gandalf50"]
[Black "D4minance"]
[WhiteElo "2490"]
[BlackElo "2840"]
[Result "1/2-1/2"]
[Round "1"]
1.e4 c5
2.Ng1f3 d6
3.Bf1b5 Nb8d7
4.c4 Ng8f6
5.Nb1c3 g6
6.O-O Bf8g7
7.Bb5a4 O-O
8.d3 b6
9.d4 a6
10.e5 Nf6e8
11.Bc1g5 h6
12.Ba4xd7 Bc8xd7
13.Bg5f4 cxd4
14.Qd1xd4 Bd7c6
15.Qd4e3 Bc6xf3
16.Qe3xf3 dxe5
17.Ra1d1 Ne8d6
18.Bf4e3 Ra8b8
19.b3 Kh7
20.Nc3d5 f5
21.b4 Nd6xc4
22.Nd5xb6 Nc4d6
23.Qf3c6 Rf8f7
24.a4 e4
25.g3 f4
26.Be3c5 Qd8e8
27.Qc6xe8 Rb8xe8
28.gxf4 Rf7xf4
29.Nb6d5 Rf4h4
30.Rf1e1 Nd6f5
31.h3 Bg7e5
32.Kg2 g5
33.Nd5e3 Nf5xe3
34.Re1xe3 Kg6
35.a5 Kf7
36.Rd1d7 g4
37.hxg4 Rh4xg4
38.Kf1 h5
39.f3 Rg4f4
40.Re3xe4 Rf4xf3
41.Ke2 Rf3f5
42.Rd7a7 Be5f6
43.Ra7xa6 h4
44.Re4e3 Re8d8
45.Ra6c6 Rf5d5
46.Rc6c7 Rd5d1
{ draw }
1/2-1/2

[Event "Match"]
[Site "www.echecsemail.com"]
[Date "2020.02.01"]
[Round "1"]
[White "Logout"]
[Black "Apdash"]
[WhiteElo "2020"]
[BlackElo "2210"]
[Result "0-1"]
[Round "1"]
1.e4 e5
2.Ng1f3 Nb8c6
3.d4 exd4
4.Bf1c4 Bf8b4
5.c3 dxc3
6.bxc3 Bb4a5
7.O-O h6
8.Qd1b3 Qd8e7
9.Bc1a3 d6
10.Rf1e1 Ba5b6
11.Nb1d2 Bc8e6
12.e5 Nc6a5
13.Qb3a4 Qe7d7
14.Qa4xd7 Kxd7
15.Bc4xe6 fxe6
16.Ra1d1 d5
17.c4 c6
18.c5 Bb6c7
19.Nd2e4 Na5c4
20.Ba3c1 Nc4xe5
21.Nf3xe5 Bc7xe5
22.Ne4d6 Be5xd6
23.cxd6 Kxd6
24.Bc1f4 Kd7
25.Bf4e5 Ng8f6
26.Rd1b1 b6
27.Re1e2 Ra8e8
28.Rb1c1 Rh8f8
29.Re2c2 c5
30.a4 Rf8f7
31.a5 Kc6
32.axb6 axb6
33.Rc2b2 Nf6e4
34.Rc1b1 Rf7b7
35.Be5xg7 h5
36.Bg7e5 b5
37.h4 c4
38.Rb1c1 Ne4c5
39.Rb2d2 Nc5b3
40.Rd2c2 Nb3xc1
41.Rc2xc1 Kc5
42.Kh2 b4
43.Kh3 d4
44.g4 hxg4
45.Kxg4 Re8g8
46.Kh3 Kd5
47.Be5f6 d3
48.Bf6g5 c3
49.Rc1d1 Kc4
50.f3 b3
51.Rd1c1 b2
52.Rc1b1 Rg8xg5
53.hxg5 c2
54.Rb1xb2 Rb7h7
55.Kg4 c1Q
56.Rb2g2 e5
57.Kf5 Qc1f4
58.Kg6 Qf4f7

0-1

[Event "Tourn. n10285"]
[Site "www.echecsemail.com"]
[Date "2020.02.01"]
[Round "1"]
[White "Obisporey"]
[Black "Aders1"]
[WhiteElo "2560"]
[BlackElo "2330"]
[Result "1-0"]
[Round "1"]
1.e4 g6
2.d4 Bf8g7
3.Ng1f3 d6
4.Bf1c4 Ng8f6
5.Qd1e2 O-O
6.O-O Bc8g4
7.Rf1d1 Nb8c6
8.h3 Bg4xf3
9.Qe2xf3 e5
10.c3 Nf6d7
11.Qf3e3 Nd7b6
12.Bc4b5 exd4
13.cxd4 Qd8f6
14.Bb5xc6 bxc6
15.a4 Rf8e8
16.Qe3d3 Qf6e6
17.a5 Nb6d7
18.Nb1c3 Nd7f6
19.d5 cxd5
20.exd5 Qe6d7
21.Ra1b1 Ra8b8
22.b4 Nf6h5
23.Bc1d2 Bg7xc3
24.Qd3xc3 Re8e2
25.Bd2e3 a6
26.Qc3c4 Nh5g3
27.Kh2 { resign }
1-0

[Event "Tourn. n10280"]
[Site "www.echecsemail.com"]
[Date "2020.02.01"]
[Round "1"]
[White "Fegatux"]
[Black "Destructor"]
[WhiteElo "2270"]
[BlackElo "2510"]
[Result "0-1"]
[Round "1"]
1.d4 d5
2.c4 c6
3.Nb1c3 e6
4.Ng1f3 Ng8f6
5.e3 Nb8d7
6.Bf1d3 dxc4
7.Bd3xc4 b5
8.Bc4d3 Bc8b7
9.O-O a6
10.a3 c5
11.dxc5 Nd7xc5
 { time }
0-1

[Event "Match"]
[Site "www.echecsemail.com"]
[Date "2020.02.01"]
[Round "1"]
[White "Aiko1603"]
[Black "Roma753"]
[WhiteElo "2090"]
[BlackElo "2120"]
[Result "1/2-1/2"]
[Round "1"]
1.c4 f5
2.Nb1c3 Ng8f6
3.g3 e6
4.Bf1g2 Bf8b4
5.Ng1f3 O-O
6.O-O Nb8c6
7.d3 Bb4xc3
8.bxc3 b6
9.Bc1g5 Bc8b7
10.d4 Nc6a5
11.Qd1d3 Bb7e4
12.Qd3d1 Na5xc4
13.Nf3d2 Be4xg2
14.Kxg2 Nc4xd2
15.Qd1xd2 Nf6e4
16.Bg5xd8 Ne4xd2
17.Rf1d1 Nd2e4
18.Bd8xc7 Ne4xc3
19.Rd1d2 Ra8c8
20.Bc7e5 Nc3d5
21.e3 Rc8c6
22.h4 Nd5f6
23.Be5xf6 Rf8xf6
24.Kf3 Kf7
25.Kf4 Ke7
26.Ra1b1 Rf6f8
{ draw }
1/2-1/2

[Event "Match"]
[Site "www.echecsemail.com"]
[Date "2020.02.01"]
[Round "1"]
[White "Gilliere"]
[Black "Ditto"]
[WhiteElo "2050"]
[BlackElo "1970"]
[Result "0-1"]
[Round "1"]
1.e4 e5
2.Ng1f3 Nb8c6
3.Bf1b5 Bf8c5
4.O-O d6
5.d4 a6
6.Bb5xc6 bxc6
7.dxc5 Bc8b7
8.cxd6 cxd6
9.Nb1c3 Qd8f6
10.Bc1g5 Qf6e6
11.Rf1e1 Ng8e7
12.Bg5xe7 Qe6xe7
13.Qd1d3 O-O
14.a4 Qe7f6
15.Qd3e3 Ra8b8
16.a5 Bb7c8
17.b3 Bc8e6
 { time }
0-1

[Event "Match"]
[Site "www.echecsemail.com"]
[Date "2020.02.01"]
[Round "1"]
[White "Mb20"]
[Black "Dussek"]
[WhiteElo "1809"]
[BlackElo "1860"]
[Result "1/2-1/2"]
[Round "1"]
1.d4 d5
2.c4 e5
3.dxe5 d4
4.Ng1f3 Nb8c6
5.g3 Bc8f5
6.Bf1g2 Bf8c5
7.O-O Ng8e7
8.Bc1g5 O-O
9.Nb1d2 h6
10.a3 a5
11.Bg5xe7 Qd8xe7
12.Rf1e1 Nc6xe5
13.Nf3xe5 Qe7xe5
14.Nd2f3 Qe5e4
15.Nf3h4 Qe4c2
16.Nh4xf5 Qc2xf5
17.Qd1d3 Qf5f6
18.Bg2xb7 Ra8b8
19.Qd3f3 Qf6b6
20.Bb7d5 Qb6xb2
21.Qf3d3 Rb8b3
22.Qd3e4 d3
23.exd3 Qb2xf2
24.Kh1 Rb3b2
25.Qe4g2 Qf2d4
26.Qg2e4 Qd4f2
27.Qe4g2 Qf2d4
28.Qg2e4 Qd4f2
29.Qe4g2 Qf2d4
30.Qg2e4 Qd4f2
31.Qe4g2 { draw }
1/2-1/2

[Event "Match"]
[Site "www.echecsemail.com"]
[Date "2020.02.01"]
[Round "1"]
[White "Goofy"]
[Black "Apdash"]
[WhiteElo "2400"]
[BlackElo "2270"]
[Result "1-0"]
[Round "1"]
1.e4 c5
2.Ng1f3 d6
3.d4 cxd4
4.Nf3xd4 Nb8c6
5.Nb1c3 Ng8f6
6.Bf1c4 a6
7.Nd4xc6 bxc6
8.e5 Nf6g8
9.Qd1f3 Bc8b7
10.Qf3xf7 Kd7
11.Bc4e6 Kc7
12.exd6 Kb8
13.d7 Ng8f6
14.Bc1f4 Ka7
15.Bf4e3 Kb8
16.O-O-O h6
17.Be3b6 { resign }
1-0

[Event "Match"]
[Site "www.echecsemail.com"]
[Date "2020.02.01"]
[Round "1"]
[White "Chapi"]
[Black "Patriciomeza"]
[WhiteElo "2100"]
[BlackElo "1809"]
[Result "0-1"]
[Round "1"]
1.d4 d5
2.c4 c6
3.cxd5 cxd5
4.Nb1c3 Ng8f6
5.Ng1f3 Nb8c6
6.Bc1g5 Nf6e4
7.Bg5f4 e6
8.e3 g5
9.Nc3xe4 dxe4
10.Nf3xg5 Qd8a5
11.Qd1d2 Bf8b4
{ resign }
0-1

[Event "Tourn. n10288"]
[Site "www.echecsemail.com"]
[Date "2020.02.01"]
[Round "1"]
[White "Apdash"]
[Black "Mb20"]
[WhiteElo "2280"]
[BlackElo "2200"]
[Result "1-0"]
[Round "1"]
1.e4 c5
2.Ng1f3 d6
3.d4 cxd4
4.Nf3xd4 Ng8f6
5.Nb1c3 a6
6.Bf1c4 e6
7.O-O Bf8e7
8.Bc1e3 O-O
9.f3 b5
10.Bc4b3 Bc8b7
11.a4 e5
12.Nd4f5 b4
13.Nc3d5 Bb7xd5
14.Bb3xd5 Nf6xd5
15.Qd1xd5 Nb8d7
16.Rf1d1 Nd7f6
17.Qd5b7 Rf8e8
18.Qb7xb4 d5
19.Nf5xe7 Qd8xe7
20.Qb4xe7 Re8xe7
21.exd5 Re7d7
22.c4 Ra8c8
23.b3 h6
24.Be3b6 e4
25.fxe4 Nf6xe4
26.a5 Rc8e8
27.Rd1d3 Ne4f6
28.d6 Re8e6
29.c5 Nf6e4
30.Ra1d1 Kf8
31.Rd3d4 f5
32.b4 Ne4c3
33.c6 Nc3b5
34.cxd7 { resign }
1-0

[Event "Match"]
[Site "www.echecsemail.com"]
[Date "2020.02.02"]
[Round "1"]
[White "Whitekknight"]
[Black "Mb20"]
[WhiteElo "1850"]
[BlackElo "1809"]
[Result "1/2-1/2"]
[Round "1"]
1.d4 Ng8f6
2.c4 g6
3.Nb1c3 d5
4.c5 c6
5.Bc1g5 Nf6e4
6.Nc3xe4 dxe4
7.e3 Bf8g7
8.Bf1c4 h6
9.Bg5f4 Nb8d7
10.Ng1e2 O-O
11.Ne2c3 Nd7f6
12.O-O Kh7
13.f3 exf3
14.gxf3 Bc8h3
15.Rf1f2 Nf6h5
16.Nc3e2 Nh5xf4
17.Ne2xf4 Bh3f5
18.Nf4d3 Bf5xd3
19.Bc4xd3 f5
20.Qd1c2 Qd8d5
21.Qc2c4 Qd5xc4
22.Bd3xc4 e5
23.Rf2d2 Ra8d8
24.Ra1d1 exd4
25.exd4 Rf8e8
26.Kf2 Re8e7
27.b4 Re7d7
28.Ke3 Rd7e7
29.Kf2 Re7d7
{ draw }
1/2-1/2

[Event "Tourn. n10274"]
[Site "www.echecsemail.com"]
[Date "2020.02.02"]
[Round "1"]
[White "Passaroa25"]
[Black "Madz123456"]
[WhiteElo "1720"]
[BlackElo "1800"]
[Result "0-1"]
[Round "1"]
1.Nb1c3 d5
2.d4 Ng8f6
3.f3 c5
4.dxc5 e6
5.Bc1e3 Nb8c6
6.Be3f2 d4
7.Nc3e4 Nf6xe4
8.fxe4 Bf8xc5
9.a3 Qd8a5
10.Qd1d2 Bc5b4
11.c3 dxc3
12.Qd2c2 cxb2
13.axb4 Qa5xb4
14.Kd1 bxa1Q
15.Qc2c1 Qb4b3
16.Kd2 Qa1a5
{ resign }
0-1

[Event "Match"]
[Site "www.echecsemail.com"]
[Date "2020.02.02"]
[Round "1"]
[White "Jackbauer"]
[Black "Gilliere"]
[WhiteElo "1850"]
[BlackElo "2050"]
[Result "1-0"]
[Round "1"]
1.e4 c5
2.f4 e6
3.Ng1f3 Nb8c6
4.c4 Ng8e7
5.Nb1c3 g6
6.d4 b6
7.d5 exd5
8.e5 Ne7f5
9.Nc3b5 d4
10.Bf1d3 a6
11.Nb5a3 Bf8g7
12.O-O Nf5e7
13.Rf1e1 O-O
14.b3 Bc8b7
15.Na3c2 f5
16.a3 a5
17.g3 Qd8c7
18.Bc1b2 Nc6d8
19.Bb2c1 Bb7xf3
20.Qd1d2 Nd8f7
21.e6 dxe6
22.Re1xe6 Nf7d8
23.Re6e1 Nd8c6
24.Qd2f2 Bf3e4
25.Bd3xe4 fxe4
26.Re1xe4 Ra8e8
27.Bc1b2 Ne7f5
28.Ra1e1 Re8xe4
29.Re1xe4 Qc7d7
30.Nc2e1 Rf8e8
31.Re4xe8 Qd7xe8
32.Bb2c1 Nf5e3
33.Qf2f3  { time }
1-0

[Event "Match"]
[Site "www.echecsemail.com"]
[Date "2020.02.02"]
[Round "1"]
[White "Libiesse"]
[Black "Gilliere"]
[WhiteElo "2010"]
[BlackElo "2080"]
[Result "1-0"]
[Round "1"]
1.Ng1f3 Ng8f6
2.d4 e6
3.Bc1f4 d5
4.e3 c6
5.c4 Bf8b4
6.Nb1c3 Nf6e4
7.Qd1c2 O-O
8.Ra1c1 Nb8d7
9.a3 Bb4xc3
10.bxc3 Nd7b6
11.cxd5 exd5
12.Nf3d2 Ne4xd2
13.Qc2xd2 Bc8f5
14.Qd2b2 Qd8c8
15.Bf1e2 Bf5e6
16.O-O Nb6c4
17.Be2xc4 dxc4
18.e4 b5
19.Bf4d6 Rf8e8
20.e5 Be6d5
21.f4 a5
22.Rc1b1 a4
23.Qb2e2 Qc8f5
24.g4  { time }
1-0

[Event "Match"]
[Site "www.echecsemail.com"]
[Date "2020.02.02"]
[Round "1"]
[White "Hundegana"]
[Black "Filip"]
[WhiteElo "1960"]
[BlackElo "999"]
[Result "1-0"]
[Round "1"]
1.c4 e5
2.Nb1c3 Ng8f6
3.g3 Bf8b4
4.Nc3d5 Nf6xd5
5.cxd5 d6
6.Bf1g2 O-O
7.Ng1f3  { time }
1-0

[Event "Match"]
[Site "www.echecsemail.com"]
[Date "2020.02.02"]
[Round "1"]
[White "Sonny1000"]
[Black "Cal"]
[WhiteElo "1590"]
[BlackElo "1710"]
[Result "0-1"]
[Round "1"]
1.e4 e5
2.Ng1f3 d6
3.Nb1c3 a6
4.Nc3a4 b5
5.Na4c3 c6
6.Nf3g1 h6
7.Ng1h3 Ng8f6
8.f3 Bf8e7
9.f4 Bc8xh3
10.gxh3 exf4
11.Qd1f3 g5
12.d4 Nb8d7
13.Qf3g2 O-O
14.Bc1xf4 Kh7
15.Bf4e3 b4
16.Nc3a4 Ra8b8
17.Bf1xa6 Nf6h5
18.Qg2g4 Nd7f6
19.Qg4f5 Kg7
20.Rh1g1 Rb8a8
21.Ba6d3 Ra8xa4
22.e5 dxe5
23.Qf5xe5 Be7d6
24.Qe5f5 Bd6xh2
25.Rg1h1 Bh2g3
26.Kf1 Nf6e4
27.Bd3xe4 Nh5f6
28.Be4xc6 Ra4a5
29.Qf5g4 Nf6xg4
30.hxg4 Qd8f6
31.Kg2 Qf6xc6
32.Kxg3 f5
33.gxf5 Ra5xf5
34.d5 Qc6xd5
35.Be3xg5 Rf5xg5
36.Kh2 Qd5g2
{ resign }
0-1

[Event "Tourn. n10268"]
[Site "www.echecsemail.com"]
[Date "2020.02.02"]
[Round "1"]
[White "Roque1"]
[Black "Iko"]
[WhiteElo "1850"]
[BlackElo "1790"]
[Result "1-0"]
[Round "1"]
1.e4 e5
2.Ng1f3 d6
3.Bf1c4 Ng8h6
4.d4 Bc8g4
5.Bc1xh6 gxh6
6.dxe5 dxe5
7.Qd1xd8 Kxd8
8.Bc4xf7 Nb8c6
9.Nb1c3 Ke7
10.Bf7b3 Bg4xf3
11.gxf3 Nc6d4
12.O-O-O Ra8d8
13.Rd1d3 b5
14.Rh1d1 b4
15.Nc3d5 Kd6
16.Nd5xb4 Ke7
17.Bb3d5 Kf6
18.c3 Nd4b5
19.Nb4c6 Rd8d6
20.a4 Nb5xc3
21.Rd3xc3 Kg5
22.Nc6xe5 Kf4
23.Ne5f7 Rd6xd5
24.Nf7xh8 Rd5g5
25.Rc3xc7 Kxf3
26.Rc7f7 Kxe4
27.Rf7xf8 Rg5f5
28.Rf8xf5 Kxf5
29.Rd1d7 Ke6
30.Rd7xa7 h5
31.Kd2 h4
32.a5 Kd6
33.Ra7b7 Kc6
34.Rb7b3 Kc5
35.a6 Kc4
36.Rb3b8 Kd4
37.a7 Ke4
38.a8Q Kf4
39.Qa8d5 Kg4
40.Rb8b4 Kh3
41.Qd5f3 Kxh2
42.Rb4xh4 Kg1
43.Rh4h1 
1-0

[Event "Match"]
[Site "www.echecsemail.com"]
[Date "2020.02.02"]
[Round "1"]
[White "Hundegana"]
[Black "Gilliere"]
[WhiteElo "1950"]
[BlackElo "2050"]
[Result "1-0"]
[Round "1"]
1.e4 c5
2.Bf1c4 d6
3.Qd1f3 Ng8f6
4.Ng1h3 Bc8xh3
5.gxh3 a6
6.Nb1c3 b5
7.Bc4e2 Nb8d7
8.a3 e6
9.Nc3d1 Nd7e5
10.Qf3g2 g6
11.f4 Ne5d7
12.Nd1c3 Bf8g7
13.d3 O-O
14.Bc1e3 Rf8e8
15.Rh1g1 Nd7f8
16.h4 Re8e7
17.O-O-O Nf6e8
18.h5 Bg7xc3
19.bxc3 Kh8
20.hxg6 Nf8xg6
21.e5 Ra8c8
22.d4 Qd8a5
23.Kd2  { time }
1-0

[Event "Match"]
[Site "www.echecsemail.com"]
[Date "2020.02.02"]
[Round "1"]
[White "Patriciomeza"]
[Black "Goofy"]
[WhiteElo "1809"]
[BlackElo "2400"]
[Result "1-0"]
[Round "1"]
1.e4 d6
2.d4 Ng8f6
3.Nb1c3 Nb8d7
4.Ng1f3 e5
5.Bf1c4 Bf8e7
6.a4 a5
7.Nf3g5 O-O
8.Bc4xf7 Rf8xf7
9.Ng5e6 Qd8e8
10.Ne6xc7 Qe8d8
11.Nc7xa8 b6
12.Nc3b5 { resign }
1-0

[Event "Tourn. n10191"]
[Site "www.echecsemail.com"]
[Date "2020.02.02"]
[Round "1"]
[White "Ditto"]
[Black "Passaroa25"]
[WhiteElo "1830"]
[BlackElo "1780"]
[Result "1-0"]
[Round "1"]
1.e4 Nb8c6
2.Nb1c3 Ng8f6
3.Bf1c4 e6
4.Ng1f3 d6
5.d3 Bc8d7
6.Bc1g5 h6
7.Bg5c1 Bf8e7
8.O-O O-O
9.Rf1e1 Nc6e5
10.Nf3xe5 dxe5
11.Nc3e2 c5
12.Ne2g3 Be7d6
13.Bc1e3 b6
14.a3 Nf6h7
15.Ng3h5 Bd6e7
16.Qd1g4 g5
17.Nh5g3 Nh7f6
18.Qg4f3 Qd8c7
19.Ng3h5 Nf6xh5
20.Qf3xh5 Kg7
21.Be3d2 Be7f6
22.Re1e3 Rf8h8
23.Re3e1 Kf8
24.b4 Ke7
25.Bd2e3 Ra8g8
26.Qh5f3 Bd7a4
27.c3 Ba4d7
28.bxc5 bxc5
29.Ra1b1 a5
30.Rb1b2 a4
31.Re1b1 Rg8b8
32.Rb2xb8 Rh8xb8
33.Rb1xb8 Qc7xb8
34.h3 Qb8b2
35.Qf3d1 Qb2xc3
36.Be3c1 Qc3a5
37.Qd1e2 Qa5c3
38.Qe2e3 Qc3d4
39.Qe3f3 Qd4a1
40.Qf3e3 Qa1c3
41.Kh2 h5
42.Qe3xc5 Ke8
43.Bc1e3 h4
44.Qc5d6 Bf6g7
45.Qd6b8 Ke7
46.Be3c5 Kf6
47.Qb8d8 Kg6
48.Qd8xd7 Qc3c2
49.Bc5b4 Qc2xf2
50.Qd7xa4 g4
51.hxg4 h3
52.Kxh3 Kg5
53.Kh2 Kxg4
54.Qa4d1 Kh4
55.Bb4e1 Qf2xe1
56.Qd1xe1 Kg5
57.a4 f5
58.Qe1g3 Kf6
59.exf5 exf5
60.Qg3h4 Kg6
61.Qh4e7 Bg7f6
62.Qe7f7 Kg5
63.g3 f4
64.Bc4e6 { resign }
1-0

[Event "1/32 Finale"]
[Site "www.chess-mail.com"]
[Date "2020.02.02"]
[Round "1"]
[White "Sorim"]
[Black "Ffdd65"]
[WhiteElo "2330"]
[BlackElo "2310"]
[Result "1-0"]
[Round "1"]
1.d4 d5
2.Ng1f3 e6
3.Bc1g5 Bf8e7
4.Qd1d2 Be7xg5
5.Nf3xg5 h6
6.Ng5f3 Nb8c6
7.c4 Ng8e7
8.e3 Qd8d6
9.Bf1e2 Ne7f5
10.Nb1c3 a6
11.a3 Bc8d7
12.O-O f6
13.b4 b6
14.Rf1c1 O-O
15.cxd5 exd5
16.Ra1a2 Nc6e7
17.Ra2c2 b5
18.Nc3d1 c6
19.Nd1b2 Ne7g6
20.Nb2d3 Ra8b8
21.Nd3c5 Rb8b6
22.Be2d3 Ng6h4
23.Qd2e2 Nh4xf3
24.Qe2xf3 Nf5e7
25.Rc1e1 f5
26.Qf3f4 Rf8f6
27.Rc2e2 Ne7g6
28.Qf4xd6 Rf6xd6
29.Nc5xd7 Rd6xd7
30.Bd3xf5 Rd7d6
31.e4 Ng6f4
32.Re2e3 g6
33.e5 Rd6d8
34.Bf5c2 g5
35.e6 Kg7
36.g3 Nf4g6
37.e7 Rd8e8
38.Re3e6 Ng6h8
39.Re6d6 Nh8f7
40.Rd6g6 Kh8
41.Re1e6 Rb6b8
42.Re6xc6 Re8xe7
43.Rc6xa6 Rb8e8
44.Ra6b6 Re7e2
45.Bc2d3 Re2d2
46.Bd3xb5 Re8f8
47.a4 Rd2xd4
48.Bb5c6 Kh7
49.Bc6b7 g4
50.a5 Rd4d1
51.Kg2 h5
52.a6 Rd1d2
53.Rg6f6 { resign }
1-0

[Event "Tourn. n10288"]
[Site "www.echecsemail.com"]
[Date "2020.02.03"]
[Round "1"]
[White "Apdash"]
[Black "Coolant"]
[WhiteElo "2280"]
[BlackElo "2370"]
[Result "0-1"]
[Round "1"]
1.d4 Ng8f6
2.c4 e5
3.dxe5 Nf6g4
4.Qd1d4 d6
5.exd6 Bf8xd6
6.Qd4e4 Bc8e6
7.Ng1f3 Nb8c6
8.h3 Ng4f6
9.Qe4h4 O-O
10.e3 Rf8e8
11.Bf1d3 Nc6b4
12.Qh4d4 Nb4xd3
13.Qd4xd3 Bd6b4
14.Ke2 Qd8xd3
15.Kxd3 Ra8d8
16.Kc2 Nf6e4
17.a3 Bb4e7
18.Nb1c3 Ne4xf2
19.Rh1f1 Be6f5
20.Kb3 Nf2d3
21.Nf3d4 Nd3c5
22.Ka2 Bf5d3
23.b3 Bd3xf1
24.b4 Bf1xc4
25.Kb1 Nc5b3
26.Nd4xb3 Bc4xb3
27.Kb2 Bb3c4
28.Nc3e4 f5
29.Kc3 b5
{ resign }
0-1

[Event "Match"]
[Site "www.echecsemail.com"]
[Date "2020.02.03"]
[Round "1"]
[White "Joseph1983"]
[Black "Apdash"]
[WhiteElo "2210"]
[BlackElo "2200"]
[Result "0-1"]
[Round "1"]
1.e4 c5
2.Ng1f3 d6
3.d4 cxd4
4.Nf3xd4 Nb8c6
5.Bc1e3 Ng8f6
6.Nb1c3 e6
7.Bf1e2 Bf8e7
8.Qd1d2 a6
9.a4 O-O
10.f4 Qd8c7
11.g4 Nc6xd4
12.Qd2xd4 e5
13.Qd4d1 d5
14.Nc3xd5 Nf6xd5
15.exd5 exf4
16.Be3f2 f5
17.g5 Be7xg5
18.Qd1d3 Bc8d7
19.h4 Bg5h6
20.Rh1g1 Ra8e8
21.Kd1 Qc7e5
22.c4 Qe5xb2
23.Ra1b1 Bd7xa4
{ resign }
0-1

[Event "Match"]
[Site "www.echecsemail.com"]
[Date "2020.02.03"]
[Round "1"]
[White "Geodad5"]
[Black "Apdash"]
[WhiteElo "2100"]
[BlackElo "2260"]
[Result "0-1"]
[Round "1"]
1.e4 e5
2.Ng1f3 Nb8c6
3.d4 Ng8f6
4.d5 Nc6e7
5.Bf1d3 Ne7g6
6.O-O c6
7.c4 d6
8.h3 Bf8e7
9.Bc1e3 O-O
10.Nb1c3 Bc8d7
11.a3 cxd5
12.exd5 Nf6h5
13.Ra1c1 Nh5f4
14.Bd3b1 f5
15.Kh2 e4
16.Nf3d4 Be7f6
17.g3 Nf4xh3
18.Kxh3 f4
19.Kg2 fxe3
20.fxe3 Bf6g5
21.Qd1e2 Rf8xf1
22.Rc1xf1 Ng6e5
23.Bb1xe4 Bd7g4
24.Be4f3 Ne5xf3
25.Nd4xf3 Qd8d7
26.Rf1f2 Ra8e8
27.e4 Re8f8
28.Qe2f1 Bg4h3
{ resign }
0-1

[Event "Tourn. n10294"]
[Site "www.echecsemail.com"]
[Date "2020.02.03"]
[Round "1"]
[White "Amaya"]
[Black "Agmdiazj"]
[WhiteElo "1990"]
[BlackElo "1979"]
[Result "0-1"]
[Round "1"]
1.d4 Ng8f6
2.e3 g6
3.Bf1d3 Bf8g7
4.Nb1d2 O-O
5.f4 d6
6.Ng1f3 Nb8d7
7.O-O Rf8e8
8.c3 e5
9.fxe5 dxe5
10.dxe5 Nd7xe5
11.Bd3c2 Ne5g4
12.e4 Ng4e3
{ resign }
0-1

[Event "Match"]
[Site "www.echecsemail.com"]
[Date "2020.02.03"]
[Round "1"]
[White "Peterpawn"]
[Black "Ericleo1980"]
[WhiteElo "1949"]
[BlackElo "2000"]
[Result "0-1"]
[Round "1"]
1.e4 c5
2.Nb1c3 d6
3.Ng1f3 Ng8f6
4.d4 cxd4
5.Nf3xd4 a6
6.Bf1d3 b5
7.a3 e6
8.O-O Nb8d7
9.Bc1g5 Qd8b6
10.Nd4f3 Qb6c7
11.Bg5xf6 Nd7xf6
12.Rf1e1 Bc8b7
13.e5 dxe5
{ resign }
0-1

[Event "Match"]
[Site "www.echecsemail.com"]
[Date "2020.02.03"]
[Round "1"]
[White "Peterpawn"]
[Black "Ericleo1980"]
[WhiteElo "1949"]
[BlackElo "2000"]
[Result "0-1"]
[Round "1"]
1.e4 c5
2.Ng1f3 d6
3.d4 cxd4
4.Nf3xd4 Ng8f6
5.Nb1c3 a6
6.Bf1d3 e6
7.O-O b5
8.a3 Bc8b7
9.Bc1g5 Nb8d7
10.Rf1e1 Bf8e7
11.Nd4f3 Qd8c7
12.Qd1d2 O-O
{ resign }
0-1

[Event "Tourn. n10294"]
[Site "www.echecsemail.com"]
[Date "2020.02.03"]
[Round "1"]
[White "Amaya"]
[Black "Patriciomeza"]
[WhiteElo "1990"]
[BlackElo "1809"]
[Result "0-1"]
[Round "1"]
1.d4 d5
2.e3 Ng8f6
3.Bf1d3 Nb8c6
4.c3 e5
5.f3 Bf8d6
6.Nb1d2 O-O
7.Ng1e2 Qd8e7
8.O-O exd4
9.cxd4 Qe7xe3
{ resign }
0-1

[Event "Tourn. n10262"]
[Site "www.echecsemail.com"]
[Date "2020.02.03"]
[Round "1"]
[White "Pariolinius"]
[Black "Amaya"]
[WhiteElo "1960"]
[BlackElo "2020"]
[Result "1-0"]
[Round "1"]
1.Ng1f3 e6
2.e4 d5
3.e5 c5
4.d4 Nb8c6
5.c3 cxd4
6.cxd4 Bf8b4
7.Nb1c3 Ng8e7
8.a3 Qd8a5
9.Bc1d2 Bb4xc3
10.Bd2xc3 Qa5c7
11.Bf1e2 O-O
12.O-O a6
13.Be2d3 h6
14.Nf3h4 Bc8d7
15.Qd1g4 Ne7f5
16.Nh4xf5 exf5
17.Bd3xf5 Bd7xf5
18.Qg4xf5 Nc6e7
19.Qf5f3 a5
20.Ra1c1 Qc7b6
21.b4 axb4
22.Bc3xb4 Rf8e8
23.Bb4c5 Qb6e6
24.Rc1b1 Qe6d7
25.Qf3b3 b6
26.Bc5xb6 Re8b8
27.a4 Ra8a6
28.a5 Ra6xa5
29.Qb3d3 Ra5a4
30.Bb6c5 Rb8xb1
31.Rf1xb1 g6
32.h3 Ne7f5
33.Rb1b8 Kh7
34.Rb8b4 Nf5g7
35.Rb4b6 Ng7h5
36.Qd3e3 Qd7f5
37.Bc5f8 Nh5f4
38.Rb6f6 Ra4a1
39.Kh2 Qf5b1
40.Qe3xf4 Qb1h1
41.Kg3 Ra1a3
42.f3 Qh1e1
43.Kg4 h5
44.Kg5 Kg8
45.Bf8xa3 { resign }
1-0